000 00548nam a2200193Ia 4500
005 20250811104008.0
008 008 250516s9999 xx 000 0 hin d
020 _a9789360868222
040 _beng
_cSDCL
041 _ahin
_2hin
084 _aO152,6N37x R4
100 _aSingh, Kashinath
245 0 _aAahatein Sun Raha Hun Yadon Ki
246 _aआहटें सुन रहा हूँ यादों की
260 _aNew Delhi:
_bRajkamal Prakashan,
_c2024.
300 _a223p.
650 _aHindi
942 _cTEXL
_2CC
999 _c1430279
_d1430279